The teachings of Jesus for evangelism. (Record no. 5059)

000 -LEADER
fixed length control field 00603nam a2200193 a 4500
001 - CONTROL NUMBER
control field :::00002800$&:&@@
003 - CONTROL NUMBER IDENTIFIER
control field OkBaRHE
005 - DATE AND TIME OF LATEST TRANSACTION
control field 20000607103257.0
008 - FIXED-LENGTH DATA ELEMENTS--GENERAL INFORMATION
fixed length control field s1961 j 000 0 eng u
040 ## - CATALOGING SOURCE
Transcribing agency
100 1# - MAIN ENTRY--PERSONAL NAME
Personal name Laymon, Charles M.
245 14 - TITLE STATEMENT
Title The teachings of Jesus for evangelism.
260 ## - PUBLICATION, DISTRIBUTION, ETC. (IMPRINT)
Place of publication, distribution, etc Nashville, TN., :
Name of publisher, distributor, etc Methodist Evangelistic Materials
Date of publication, distribution, etc c1961
300 ## - PHYSICAL DESCRIPTION
Extent 93 p. ;
Dimensions 19 cm.
650 ## - SUBJECT ADDED ENTRY--TOPICAL TERM
Topical term or geographic name as entry element Evangelistic Work
650 ## - SUBJECT ADDED ENTRY--TOPICAL TERM
Topical term or geographic name as entry element Jesus Christ
General subdivision Teachings
942 ## - ADDED ENTRY ELEMENTS (KOHA)
Source of classification or shelving scheme
Koha item type Books
Copies
Date last seen Not for loan Barcode Full call number Copy number Source of classification or shelving scheme Current Location Shelving location Lost status Withdrawn status Koha item type Date acquired Price effective from Damaged status Permanent Location
2021-03-15 2800BS 2417 .L2821 RHEMA Bible Training CollegeGeneral Stacks  Books2010-04-142010-04-14 RHEMA Bible Training College